|
|
|
|
| LEADER |
00000nab a2200000 a 4500 |
| 001 |
vtls000579569 |
| 003 |
SK-MaSNL |
| 005 |
20260304084920.0 |
| 008 |
250425c1995 xo 0 slo |
| 015 |
|
|
|a SNBRB19rr/mm-uuuuu
|
| 035 |
|
|
|a CL0579707
|
| 035 |
|
|
|a urn:nbn:sk:snk-ab78ov
|
| 035 |
|
|
|a (uuid)5d75431d-cff5-4c9c-a808-8c6171cb7892
|
| 035 |
|
|
|a (urnnbn)urn:nbn:sk:snk:ar-a0778c
|
| 035 |
|
|
|a (sysno)vtls000579569
|
| 040 |
|
|
|a SNKBUCL
|b slo
|c SNKBUCL
|e AACR2
|
| 041 |
0 |
|
|a eng
|
| 044 |
|
|
|a xo
|c SK
|
| 080 |
|
|
|a 56.02(234.372.3)"6153":551.763.3(234.372.3)
|2 1981
|
| 080 |
|
|
|a 551.763.3(234.372.3)
|2 1981
|
| 100 |
1 |
|
|a Švábenická, Lilian
|4 aut
|9 784591
|
| 245 |
1 |
4 |
|a The stratigraphical correlation of the Campanian low-and high-latitude calcareous nannofossils in Southern Moravia (Western Carpatians)
|c Lilian Švabenická
|
| 300 |
|
|
|b Fotogr. 2, obr. 2, res. angl., lit. 18 zázn. v angl., nem., špan.
|
| 650 |
0 |
7 |
|a vápencové nanofosílie
|2 snkbucl
|9 1377815
|
| 650 |
0 |
7 |
|a kampán
|2 snkbucl
|9 1377816
|
| 651 |
|
7 |
|a Západné Karpaty (pohorie)
|2 snkbucl
|9 175174
|
| 655 |
|
7 |
|a články z novín a časopisov
|2 snkbucl
|9 267496
|
| 773 |
0 |
|
|t Geologica carpathica
|g Roč. 46, č. 5 (1995), s. 297-302
|x 1335-0552
|
| 850 |
|
|
|a Slovenská národná knižnica
|
| 852 |
|
|
|a Slovenská národná knižnica
|
| 958 |
|
|
|a article27
|
| 958 |
|
|
|a RK
|
| 958 |
|
|
|a CZ
|
| 958 |
|
|
|a NB
|
| 958 |
|
|
|a OND
|
| 958 |
|
|
|a EUIPO
|
| 992 |
|
|
|a RBX
|
| 999 |
|
|
|c 2805625
|d 2807555
|